| 000 | 00719 a2200217 4500 | ||
|---|---|---|---|
| 001 | 21891 | ||
| 999 |
_c21891 _d3406 |
||
| 003 | TR-AnTOB | ||
| 005 | 20190322122048.0 | ||
| 008 | 110118s2003 tu 000 0 | ||
| 020 | _a9751616387 | ||
| 041 | _atur | ||
| 050 |
_aPL45.T88 _bA75 2003 |
||
| 090 | _aREF PL45.T88 A75 2003 | ||
| 245 | 0 |
_aTuva Türkçesi sözlüğü / _chaz. Ekrem Arıkoğlu, Klara Kuular ; inceleyen Ahmet B. Ercilasun. |
|
| 264 | 1 |
_aAnkara : _bAtatürk Kültür, Dil ve Tarih Yüksek Kurumu Türk Dil Kurumu, _c2003 |
|
| 300 |
_aviii, 119 p. ; _c24 cm. |
||
| 490 | 0 | _aAtatürk Kültür, Dil ve Tarih Yüksek Kurumu Türk Dil Kurumu Yayınları; 822 | |
| 650 |
_aTuva Türkçesi _vSözlükler _915122 |
||
| 902 | _a0006793 | ||
| 942 | _cREF | ||